Sports Quiz

Random Sports Quiz

Buffalo Bills WR's Quiz Stats

 Plays Quiz not verified by Sporcle

Score 0/8 Timer 04:00
0 Plays Today
2009-10 Bills % Correct
Lee Evans
92.7%
Steve Johnson
75.7%
Roscoe Parrish
65.6%
Terrell Owens
44.5%
Josh Reed
41%
James Hardy
37.2%
David Nelson
34.7%
Donald Jones
28.1%

You're not logged in!

Compare scores with friends on all Sporcle quizzes.
OR
Log In

Show Comments

Extras

Top Quizzes Today


Score Distribution

Your Account Isn't Verified!

In order to create a playlist on Sporcle, you need to verify the email address you used during registration. Go to your Sporcle Settings to finish the process.

Report this User

Report this user for behavior that violates our Community Guidelines.

Details: